Les 10 villes les plus peuplées de Guyane (973) - Statistiques

Statistiques générales
  • Ce quiz a été pris 34 fois
    18 depuis la dernière actualisation
  • Le résultat moyen est 6 sur 10
Statistiques - réponses
Population Communes % Correct
63 500 Cayenne
100%
24 600 Kourou
100%
50 200 Saint-Laurent-du-Maroni
80%
34 800 Matoury
73%
27 300 Remire-Montjoly
53%
9 200 Maripasoula
47%
18 800 Macouria
40%
11 800 Mana
40%
9 800 Apatou
20%
9 100 Grand-Santi
13%
Aucun quiz correspondant
Distribution des résultats
% des personnes avec chaque résultat
Percentile par nombre de réponses
Votre historique - résultats
Vous n’avez pas pris ce quiz depuis la dernière actualisation